Rules of measurement for the preparation and adjustment of bills of quantities for air ministry contracts in Jordan where tenders invited in U.K. or overseas. (Record no. 96247)

MARC details
000 -LEADER
fixed length control field 00586cam a2200193 4500
001 - CONTROL NUMBER
control field D4158
008 - FIXED-LENGTH DATA ELEMENTS--GENERAL INFORMATION
fixed length control field 090401t1955 xxu||||| |||| 00| 0 eng d
035 ## - SYSTEM CONTROL NUMBER
System control number (Sirsi) u76785
041 ## - LANGUAGE CODE
Language code of text/sound track or separate title eng
050 ## - LIBRARY OF CONGRESS CALL NUMBER
Classification number 692.3095695
110 ## - MAIN ENTRY--CORPORATE NAME
Corporate name or jurisdiction name as entry element Air Ministry
9 (RLIN) 1061
245 ## - TITLE STATEMENT
Title Rules of measurement for the preparation and adjustment of bills of quantities for air ministry contracts in Jordan where tenders invited in U.K. or overseas.
260 ## - PUBLICATION, DISTRIBUTION, ETC.
Place of publication, distribution, etc. London
Name of publisher, distributor, etc. Air Ministry
Date of publication, distribution, etc. 1955
300 ## - PHYSICAL DESCRIPTION
Extent 16p. 33cm
350 ## - PRICE (NR) (BK AM CF MU VM SE) [OBSOLETE]
Price 0
520 ## - SUMMARY, ETC.
Summary, etc. Filed at SMM 1955/1BCD
942 ## - ADDED ENTRY ELEMENTS (KOHA)
Suppress in OPAC 0
948 ## - LOCAL PROCESSING INFORMATION (OCLC); SERIES PART DESIGNATOR (RLIN)
c (OCLC) 04/03/1997
Holdings
Withdrawn status Lost status Source of classification or shelving scheme Damaged status Not for loan Home library Current library Shelving location Date acquired Total Checkouts Full call number Barcode Date last seen Copy number Price effective from Koha item type
    Other/Generic Classification Scheme     London London Gallery 15/01/1992   SMM 1955/1 30032201 06/08/2019 1 06/08/2019 Book
    Other/Generic Classification Scheme     London London Gallery 15/01/1992   SMM 1955/1 30032205 06/08/2019 2 06/08/2019 Book
    Other/Generic Classification Scheme     London London Gallery 15/01/1992   SMM 1955/1 30032209 06/08/2019 3 06/08/2019 Reference material